[Event "ROM-ch U08 Girls"]
[Site "Baile Felix"]
[Date "2017.02.07"]
[Round "7"]
[White "Sufan, Dalina Silvana"]
[Black "Neatu, Dorothea Ioana"]
[Result "0-1"]
[WhiteElo "1001"]
[BlackElo "1001"]
[PlyCount "29"]
[EventDate "2017.02.02"]
[EventType "swiss"]
[EventRounds "9"]
[EventCountry "ROU"]
[SourceTitle "CBM 176 Extra"]
[Source "ChessBase"]
[SourceDate "2017.03.02"]
[SourceVersion "1"]
[SourceVersionDate "2017.03.02"]
[SourceQuality "1"]

1. e4 e5 2. Bc4 Bc5 3. Nf3 Nc6 4. 0-0 Nf6 5. Nc3 0-0 6. d3 h6 7. Bd2 Ng4 8. h3 Nf6 9. Na4 Bd4 10. c3 Bc5 11. b3 Bd6 12. Be3 Nh5 13. Nh4 Qxh4 14. g3 Qxh3 15. Rc1 0-1